000 00642nam a2200229Ia 4500
003 OSt
005 20221007064741.0
006 a|||||r|||| 00| 0
007 ta
008 221006b |||||||| |||| 00| 0 eng d
024 _a17,966
037 _cTextual
040 _aFLL
_cFLL
_beng
041 _2eng
_aeng
082 _aY48:7:7.2.N7, L8
100 _aSouza Alfred De Au.
_9686226
245 0 _aPolitics of change and leadership development
260 _aDelhi
_bManohar Pub. India
_c1978
300 _axxvii,298p
_ccm.
942 _hY48:7:7.2.N7, L8
_cTEXL
_2CC
999 _c1135234
_d1135234